00247nam a22000977a 4500040001200000082001300012100002100025245006000046260003300106300001000139 cMSOHAIL a891.4391 aShorish kashmiri aCih qalandarānah guftam, چہ قلندراں گفتم aLahorebMaktaba Jehancc1995 a148;p